| 000 | 00419cam a22001457a 4500 | ||
|---|---|---|---|
| 008 | 180718b2005 xxu||||| |||| 00| 0 eng d | ||
| 020 | _a9780333982228 | ||
| 082 | _aI57 G168 | ||
| 100 | _aGardiner, Paul D. | ||
| 245 |
_aProject management : a strategic planning approach _cby Paul D. Gardiner |
||
| 260 |
_aNew York _bPalgrave _c2005 |
||
| 300 | _a322p. | ||
| 650 | _aStrategic planning | ||
| 650 | _aProject management | ||
| 999 |
_c443894 _d443894 |
||